000 00655nam a22002057a 4500
003 JO-AjAnu
005 20240326091527.0
008 240325b jo ||||| |||| 00| 0 ara d
040 _aJO-AjAnu
_cJO-AjAnu
041 0 _aara
050 _aZ1011
_b2007
100 1 _aالحديثي، حكمت فؤاد.
_eمؤلف
_965121
245 0 _aتراثيات حكمت الحديثي /
_cتأليف حكمت فؤاد الحديثي
250 _aالطبعة الاولى
260 _bمكتبة الذاكرة،
_c2007
300 _a160 صفحة
504 _aيحتوي على قائمة مصادر
650 4 0 _aالتراث.
_965122
942 _2lcc
_cBK
_n0
999 _c33342
_d33342